Score 0/23 Timer 02:00
2 Plays Today
Hint 4-Letter Word % Correct
The Big ____ TheoryBANG
95.7%
The Beatles, The Who, The Rolling Stone, e. g.BAND
92.6%
● Number of Riley's personified emotions ●● FIVE ●
92.5%
HairlessBALD
92.5%
Round sporting equipmentBALL
90.5%
____ over backwardsBEND
87.2%
Load to the brimFILL
86.5%
● 'Fear' voice actor ____ Hader ●● BILL ●
86.4%
Rank and ____FILE
84.5%
Kitchen timer soundDING
83.1%
Droplet of sweatBEAD
83%
Mild expletiveDANG
81%
Hint 4-Letter Word % Correct
Pants-securing strapBELT
80.4%
● Emotion who protects Riley ●● FEAR ●
80.2%
● Anger: 'I saw a really hairy guy, he looked like a ____.' ●● BEAR ●
77.5%
____, James ____BOND
76.7%
Soft fabricFELT
76.1%
AccomplishmentFEAT
75.1%
It can follow door, blue, and cowBELL
73.6%
● [With next rung] Riley's imaginary friend ●● BING ●
71.6%
● [With previous rung] Riley's imaginary friend ●● BONG ●
68.5%
Male mooseBULL
63.5%
● Cartoonist's idea; fluorescent perhaps ●● BULB ●
44.6%

Today's Daily Dose

Remove Ads.
Support Sporcle.
Get the best of Sporcle when you Go Orange. This ad-free experience offers more features, more stats, and more fun while also helping to support Sporcle. Thank you for becoming a member.

You're not logged in!

Compare scores with friends on all Sporcle quizzes.
OR
Log In

Show Comments

Extras

Top Quizzes Today


Score Distribution

Your Account Isn't Verified!

In order to create a playlist on Sporcle, you need to verify the email address you used during registration. Go to your Sporcle Settings to finish the process.

Report this User

Report this user for behavior that violates our Community Guidelines.

Details: